Online
Catalog

Informe 2005/06 / (Record no. 53254)

MARC details
000 -CABECERA
campo de control de longitud fija 02053nam a2200265 i 4500
001 - NÚMERO DE CONTROL
campo de control 000004322
003 - IDENTIFICADOR DEL NÚMERO DE CONTROL
campo de control DO-SdBNP
005 - FECHA Y HORA DE LA ÚLTIMA TRANSACCIÓN
campo de control 20240417133449.0
007 - CAMPO FIJO DE DESCRIPCIÓN FÍSICA--INFORMACIÓN GENERAL
campo de control de longitud fija ta
008 - DATOS DE LONGITUD FIJA--INFORMACIÓN GENERAL
campo de control de longitud fija 090721s2007 dr aa 001 0 spa d
040 ## - FUENTE DE LA CATALOGACIÓN
Centro catalogador/agencia de origen DO-SdBNP
Lengua de catalogación spa
Centro/agencia transcriptor BNPHU
Normas de descripción rda
082 ## - NÚMERO DE LA CLASIFICACIÓN DECIMAL DEWEY
Número de clasificación 353.132 7
Número de documento/Ítem O65i
Número de edición 22
110 ## - ENTRADA PRINCIPAL--NOMBRE DE ENTIDAD CORPORATIVA
Nombre de entidad corporativa o nombre de jurisdicción como elemento de entrada Ordenador Nacional para los Fondos Europeos del Desarrollo
9 (RLIN) 55749
245 #0 - MENCIÓN DE TÍTULO
Título Informe 2005/06 /
264 ## - PRODUCCIÓN, PUBLICACIÓN, DISTRIBUCIÓN, FABRICACIÓN Y COPYRIGHT
Producción, publicación, distribución, fabricación y copyright Santo Domingo :
Nombre del de productor, editor, distribuidor, fabricante Ordenador Nacional para los Fondos Europeos del Desarrollo,
Fecha de producción, publicación, distribución, fabricación o copyright 2007.
300 ## - DESCRIPCIÓN FÍSICA
Extensión 201 paginas. :
Otras características físicas ilustrado ;
Dimensiones 29 cm.
336 ## - TIPO DE CONTENIDO
Fuente rdacontent
Término de tipo de contenido texto
Código de tipo de contenido txt
337 ## - TIPO DE MEDIO
Fuente rdamedia
Nombre/término del tipo de medio sin mediación
Código del tipo de medio n
338 ## - TIPO DE SOPORTE
Fuente rdacarrier
Nombre/término del tipo de soporte volumen
Código del tipo de soporte nc
505 ## - NOTA DE CONTENIDO CON FORMATO
Nota de contenido con formato Mensaje del presidente constitucional de la República Dominicana 7|Mensaje del ordenador nacional para los fondos europeos de desarrollo 9|Nacimiento de la ONFED 12|Cariforo 19|Proyectos sectoriales 27|SECTOR COOPERACIÓN REGIONAL E INTEGRACIÓN 35|ISPRI, programa de apoyo a la integración regional 39|El RPTF, la fuerza regional preparatoria de trabajo 55|SECTOR ECONÓMICO 61|PROEMPRESA, programa de apoyo a las pequeñas empresas Dominicanas 63|CDE, Centro para el Desarrollo de la Empresa trabaja por el fortalecimiento y aumento de la capacidad de las instituciones privadas 69|BEI. 77|Programa de apoyo institucional en el área de sistemas de manejo de las finanzas públicas y apoyo presupuestario 83|Programa de desarrollo del sector comercial y privado del Caribe 87|SECTOR SOCIAL 93|PROSISA, programa de formación del sistema de salud del la R.D 93|PRO-ETP, programa de apoyo al desarrollo de la educación técnico-profesional en la República Dominicana 111|PARME 125|PROBANANO 139|Proyecto de apoyo sectorial a la educación 147|PRIL 153|INICIATIVA SECTOR AGUA 171|SABAMAR 185|SYSMIN II 195|PAO-ONFED 203|Comportamiento de los recursos no reembolsables 1992-2006 211|Primer festival de festivales ACP 213
590 ## - NOTA LOCAL (RLIN)
Nota local Inventariado, 2023 / DG
650 #0 - PUNTO DE ACCESO ADICIONAL DE MATERIA--TÉRMINO DE MATERIA
Término de materia o nombre geográfico como elemento de entrada Partidos políticos
Subdivisión geográfica REPUBLICA DOMINICANA
9 (RLIN) 3367
910 ## - DATOS DE OPCIÓN DEL USUARIO (OCLC)
Datos de opción del usuario DG
942 ## - ELEMENTOS DE PUNTO DE ACCESO ADICIONAL (KOHA)
Fuente del sistema de clasificación o colocación Dewey Decimal Classification
Tipo de ítem Koha Libro
Holdings
Estado de retiro Estado de pérdida Fuente del sistema de clasificación o colocación Restricciones de uso No para préstamo Código de colección Localización permanente Ubicación/localización actual Ubicación en estantería Fecha de adquisición Total de préstamos Signatura topográfica completa Código de barras Fecha visto por última vez Precio válido a partir de Tipo de ítem Koha Número de copia
    Dewey Decimal Classification Excluido de préstamo   Patrimonio Dominicano Biblioteca Nacional Pedro Henríquez Ureña Biblioteca Nacional Pedro Henríquez Ureña En catalogación 14.04.2023   BNPHU PD 353.132 7 O65i 2023-1376 14.04.2023 14.04.2023 Libro  
    Dewey Decimal Classification Excluido de préstamo   Patrimonio Dominicano Biblioteca Nacional Pedro Henríquez Ureña Biblioteca Nacional Pedro Henríquez Ureña En catalogación 14.04.2023   BNPHU PD 353.132 7 O65i 2023-1377 14.04.2023 14.04.2023 Libro e.2

Powered by Koha